000 01159naa a22003257a 4500
001 BR9301988
003 BR-BrBNA
005 20240918181043.0
007 ta
008 230509b bl.||||| |||| 00| 0 por d
040 _aBR-BrBNA
_bpor
_cBiblioteca Nacional de Agricultura
041 _a(Pt)
072 _aQ02; P05
_b9534
090 _aQ02 BR9301988
100 1 _aGabriel, L.R.A.
100 1 _aTeixeira, N.M.
100 1 _aAragon, F.F.
100 1 _aSeraphim, O.J.
111 1 _a22. Congresso Brasileiro de Engenharia Agricola
_cIlheus, BA (Brazil)
_d19-23 Jul 1993
245 1 _aEstimativa do calculo da energia direta embutida no processo de refinacao do oleo de amendoim
260 3 _aIlheus, BA (Brasil):
_c1993.
500 _a22. Congresso Brasileiro de Engenharia Agricola. Anais Ilheus, BA (Brasil): 1993. v. 2 p. 738-750 (BR9301988-AM)Q02
650 _aRefinacao
650 _aOleo Vegetal
650 _aAmendoim
650 _aEnergia
773 0 _t22. Congresso Brasileiro de Engenharia Agricola. Anais
_wQ02 BR9301988
_gIlheus, BA (Brasil), 1993. v. 2 p. 738-750
909 _a202404
_bLucia
_c55
_dLucia Elande
942 _cAM
_2AGRIS
999 _c323386
_d323386